000 00599caa a22001817a 4500
999 _c442961
_d442961
003 UA-OsUOA
005 20191125161730.0
008 191125b un ||||| |||| 00| 0 ukr d
040 _aUA-OsUOA
_bukr
_cUA-OsUOA
_dUA-OsUOA
041 _aukr
080 _a908
090 _a908
100 _aТимощук І.
245 _aДекабристи в Острозі
_cІ. Тимощук
300 _aС. 98–111
773 0 _0417659
_9425167
_dОстрог Свинарчук Р. В. 2018
_o161111
_tОстрозький краєзнавчий збірник
_w(UA-OsUOA) 135876
942 _2udc
_cBKA